Normal view
MARC view
- HTML (LENGUAJE DE MARCADO DE HIPERTEXTO)
Entry Materia
001 - NÚMERO DE CONTROL DEL REGISTRO
- campo de control: 3900
003 - IDENTIFICADOR DE NUMERO DE CONTROL
- campo de control: UPN
005 - FECHA Y HORA DE LA ÚLTIMA TRANSACCIÓN
- campo de control: 20210219193636.0
008 - DATOS DE LONGITUD FIJA
- campo de control de longitud fija: nabaccnnaabn|||||||||| b |nc|||||d
035 ## - NÚMERO DE CONTROL DEL SISTEMA
- Número de control del sistema: UPN10000003900
040 ## - FUENTE DE LA CATALOGACIÓN
- Lengua de catalogación: SPA
- Agencia de transcripción: UPN
053 #4 - NÚMERO CLASIFICADOR - BIBLIOTECA DEL CONGRESO (LC)
- Elemento numérico de la clasificación - Número único o no. inicial del rango: QA76.76 H9.4
150 ## - ENCABEZAMIENTO - TEMÁTICO
- Término de materia o nombre geográfico como elemento inicial: HTML (LENGUAJE DE MARCADO DE HIPERTEXTO)
550 ## - VÉASE ADEMÁS - MATERIA
- Encabezamiento temático o nombre geográfico como elemento de entrada: XHTML (LENGUAJE DE MARCADO DE HIPERTEXTO)
670 ## - FUENTE EN LA QUE SE LOCALIZARON DATOS
- Cita de la fuente: LC
- Información localizada: HTML (Document markup language)
902 ## - CATALOGADOR
- Catalogador: BDV/220102
